=LDR 00000nam 2200000 4500 =001 INLIS000000000053188 =005 20210607102809 =035 ##$$a 0010-0418000079 =007 ta =008 210607################g##########0#ind## =020 ##$$a 978-979-414-065-9 =082 ##$$a 341 =084 ##$$a 341 KUS p =100 #$$a Kusumaatmadja =245 1#$$a Pengantar hukum Internasional /$c Moehtar Kusumaatmadja =250 ##$$a cet. 5 =260 ##$$a Bandung :$b Alumni,$c 2015 =300 ##$$a 197 hlm : $b ilus ; $c 20 x 14 cm =650 #4$$a Hukum Internasional =504 ##$$a Bibliografi : hlm. 199-204 =990 ##$$a 2033750 =990 ##$$a 51800020 =990 ##$$a 2030752 =990 ##$$a 2030752 =990 ##$$a 2033750 =990 ##$$a 51800020